000 00379nam a22001577a 4500
999 _c257762
_d257761
003 OSt
005 20190919130851.0
008 190919b xxu||||| |||| 00| 0 eng d
020 _aQA331.3.L375
040 _cN/A
100 _aRon Larson
245 _aPrecalculus With Limits A Graphing Approach
250 _a3 ed
260 _aUSA
_bHouhon Mafflin
_c2001
942 _2lcc
_cBK